000 00838nam a2200217 a 4500
001 000041098
005 20201002034622.0
008 130930s2006 sp 000 0 spa d
020 _a8400084381
040 _aDO-SdBNP
_bspa
_cBNPHU
100 1 _aSánchez Román, José Antonio
_967624
245 1 0 _aCiencia, tecnología y género en Iberoamérica /
_ccoordinadora Eulalia Pérez Sedeño ...[et al.],.
260 _aMadrid :
_bConsejo Superior de Investigaciones Científicas,
_c2006.
300 _a560 p. ;
_c22 cm.
490 1 _aMonografía
_v29
504 _aIncluye referencias bibliográficas y notas al pie de las páginas
710 2 _aMinisterio de Educación y Ciencia
_967471
710 2 _aConsejo Superior de Investigaciones Científicas
_94786
700 1 _aAlcalá, Paloma,
_ecoor
_967625
830 0 _aMonografía
_v29
_94914
999 _c40588
_d40588